00921nam a2200193 a 4500020002700000020003000027082001200057100002000069245006100089250001200150260003900162300001300201490001800214520037100232650001800603700001200621700002400633856007000657 a0697283291 (paperback) a9780697283290 (paperback) a576 TAL1 aTalaro, Arthur.10aFoundations in microbiology student study art notebook / a2nd ed. a[S.l.] :bWilliam C. Brown,c1996. a168 p. ; aStudent study aWritten with the non-major/allied health student in mind, the authors use common, everyday analogies to explain the many difficult microbiology concepts. Unlike any other allied health microbiology textbook on the market, the art program showcases beautiful illustrations with the use of bold, primary colors. A taxonomic approach is used for the study of pathogens. amicro biology1 aTalaro.1 aTalaro, Kathlene P.40uhttp://www.amazon.com/exec/obidos/ASIN/0697283291/chopaconline-20